000 00742nam a2200277Ia 4500
001 14121
005 20240113235520.0
007 ta
008 051119s1985 a g b000 u 465 u
020 _cHB
040 _aCotton College Assam
041 _a465
082 _a581.57
_bSi 35 P
100 _aSill, Webster H. .
245 0 _aPlant Protection: An Integrated Interdisciplinary Approach /
_cWebster H. Sill.
_hTextual Documents
250 _a1st ed. /
260 _aNew Delhi :
_bKalyani Publishers ,
_c1985.
300 _axiii,297p. :
_bill ;
_c22cm .
504 _aIndex
653 _aBotany
653 _aPlant Conservation
653 _aG-Botany
942 _2ddc
_cBK
999 _c14107
_d14107